MARC details
| 000 -CABECERA |
| campo de control de longitud fija |
03595nam a2200469 a 4500 |
| 003 - IDENTIFICADOR DEL NÚMERO DE CONTROL |
| campo de control |
CHAP |
| 005 - FECHA Y HORA DE LA ÚLTIMA TRANSACCIÓN |
| campo de control |
20250129092651.0 |
| 007 - CAMPO FIJO DE DESCRIPCIÓN FÍSICA--INFORMACIÓN GENERAL |
| campo de control de longitud fija |
cr ||||||a|c|a |
| 008 - DATOS DE LONGITUD FIJA--INFORMACIÓN GENERAL |
| campo de control de longitud fija |
110202s2010 mx r 00010 spa d |
| 035 ## - NÚMERO DE CONTROL DEL SISTEMA |
| Número de control de sistema |
112079 |
| 040 ## - FUENTE DE LA CATALOGACIÓN |
| Centro/agencia transcriptor |
CHAP |
| 090 ## - LOCALMENTE ASIGNADO TIPO-LC NÚMERO DE CLASIFICACIÓN (OCLC); NÚMERO DE CLASIFICACIÓN LOCAL (RLIN) |
| Número de clasificación (OCLC) (R) ; Numero de clasificación, CALL (RLIN) (NR) |
Tesis |
| 100 1# - ENTRADA PRINCIPAL--NOMBRE DE PERSONA |
| Nombre de persona |
Aguilar Moreno, Eleuterio |
| 9 (RLIN) |
2782 |
| 245 10 - MENCIÓN DE TÍTULO |
| Título |
Valoración económica de los recursos hidrólogicos en la microcuenca del río Calnali, Hgo |
| Mención de responsabilidad, etc. |
/por Eleuterio Aguilar Moreno; director de tesis Alejandro Sánchez Vélez. |
| 264 #1 - PRODUCCIÓN, PUBLICACIÓN, DISTRIBUCIÓN, FABRICACIÓN Y COPYRIGHT |
| Producción, publicación, distribución, fabricación y copyright |
Chapingo, Méx. : |
| Nombre del de productor, editor, distribuidor, fabricante |
El autor, |
| Fecha de producción, publicación, distribución, fabricación o copyright |
2010. |
| 300 ## - DESCRIPCIÓN FÍSICA |
| Extensión |
1 recurso en línea (131 páginas): |
| Otras características físicas |
figuras, cuadros. |
| 336 ## - TIPO DE CONTENIDO |
| Fuente |
rdacontent |
| Término de tipo de contenido |
texto |
| Código de tipo de contenido |
txt |
| 337 ## - TIPO DE MEDIO |
| Fuente |
rdamedia |
| Nombre/término del tipo de medio |
computadora |
| Código del tipo de medio |
c |
| 338 ## - TIPO DE SOPORTE |
| Fuente |
rdacarrier |
| Nombre/término del tipo de soporte |
recursos en línea |
| Código del tipo de soporte |
cr |
| 502 ## - NOTA DE TESIS |
| Tipo de título |
Ingeniería Forestal |
| Nombre de la institución que otorga el título |
División de Ciencias Forestales, |
| Año de obtención del título |
2010. |
| Información miscelánea |
Licenciatura |
| 520 ## - SUMARIO, ETC. |
| Sumario, etc. |
La valoración de los servicios hidrológicos generados por las cuencas en todo el país, representa una prioridad dentro del desarrollo económico de los pueblos que se encuentran dentro de ellas. El Municipio de Calnali se localiza dentro de la Sierra Madre Oriental, en la Región hidrológica del Rio Pánuco, presentando una topografía moderadamente accidentada. La microcuenca del Rio Calnali abarca un área de 5,130.38 ha y un perímetro de 37. 696 km. Mediante la caracterización de la zona, se determinaron tres usos potenciales del suelo, Bosques mesófilo, Pastizales y Agricultura de temporal, los cuales abarcan 2,612.33 ha, 2,205.35 ha y 312.79 ha respectivamente. Dentro del sistema hídrico, las entradas anuales de agua por precipitación son de 102,609,678.52 m3 lo cual representa el 100 %. Sus distribuciones dentro de los componentes del balance hídrico son: Intercepción, 21.96 %; Escurrimiento medio 36.03 %; Evapotranspiración 17.50%, Infiltración, 19.03 %; Recarga subterránea, 4.79 % y Agua entubada, 0.69 %. El cálculo de la disponibilidad del recurso hídrico que proporciona la microcuenca y la demanda que generan las comunidades, se estimaron con base al balance hídrico, lo cual dio como resultado una oferta de 19,294,135.08 m3 /año y una demanda de 895,800.65 m3 /año. De la misma forma, el valor de los recursos hidrológicos se calculó mediante estimación del valor de captación, el valor de protección y el valor del agua como insumo dentro de la producción, lo que nos dio un valor promedio de $ 670.67 /ha/año. La caracterización morfométrica indica que la microcuenca presenta forma oval-redonda a oval- oblonga, lo cual sugiere que la zona puede presentar cierto nivel de peligrosidad si se considera además su pendiente y que los tributarios pueden descargar sus corrientes al afluente principal en un corto tiempo. |
| 650 14 - PUNTO DE ACCESO ADICIONAL DE MATERIA--TÉRMINO DE MATERIA |
| Término de materia o nombre geográfico como elemento de entrada |
Balance hídrico. |
| 9 (RLIN) |
9602 |
| 650 14 - PUNTO DE ACCESO ADICIONAL DE MATERIA--TÉRMINO DE MATERIA |
| Término de materia o nombre geográfico como elemento de entrada |
Cuencas hidrológicas |
| Subdivisión general |
México. |
| 9 (RLIN) |
30093 |
| 650 14 - PUNTO DE ACCESO ADICIONAL DE MATERIA--TÉRMINO DE MATERIA |
| Término de materia o nombre geográfico como elemento de entrada |
Hidrografia |
| Subdivisión general |
Hidalgo. |
| 9 (RLIN) |
55238 |
| 650 14 - PUNTO DE ACCESO ADICIONAL DE MATERIA--TÉRMINO DE MATERIA |
| Término de materia o nombre geográfico como elemento de entrada |
Rios |
| Subdivisión general |
Hidalgo. |
| 9 (RLIN) |
97488 |
| 700 1# - PUNTO DE ACCESO ADICIONAL--NOMBRE DE PERSONA |
| Nombre de persona |
Sánchez Velez, Alejandro |
| 9 (RLIN) |
165875 |
| Término indicativo de función/relación |
Director de tesis. |
| 856 ## - LOCALIZACIÓN Y ACCESO ELECTRÓNICOS |
| Identificador Uniforme del Recurso |
http://10.13.5.2/tesis/112079.pdf |
| Nota pública |
DESCARGAR PDF |
| 942 ## - ELEMENTOS DE PUNTO DE ACCESO ADICIONAL (KOHA) |
| Tipo de ítem Koha |
Tesis digital |
| Fuente del sistema de clasificación o colocación |
Clasificación Universidad Autónoma Chapingo |
| 590 ## - NOTA LOCAL (RLIN) |
| Nota local |
ALEPH |
| Procedencia (VM) [OBSOLETO] |
10 |
| Condición del los carretes individuales (VM) [OBSOLETO] |
20130110 |
| 590 ## - NOTA LOCAL (RLIN) |
| Nota local |
BATCH-UPD |
| Procedencia (VM) [OBSOLETO] |
10 |
| Condición del los carretes individuales (VM) [OBSOLETO] |
20130110 |
| 590 ## - NOTA LOCAL (RLIN) |
| Nota local |
BATCH-UPD |
| Procedencia (VM) [OBSOLETO] |
10 |
| Condición del los carretes individuales (VM) [OBSOLETO] |
20130410 |
| 590 ## - NOTA LOCAL (RLIN) |
| Nota local |
BATCH-UPD |
| Procedencia (VM) [OBSOLETO] |
10 |
| Condición del los carretes individuales (VM) [OBSOLETO] |
20130914 |
| 590 ## - NOTA LOCAL (RLIN) |
| Nota local |
BATCH-UPD |
| Procedencia (VM) [OBSOLETO] |
10 |
| Condición del los carretes individuales (VM) [OBSOLETO] |
20140324 |
| 590 ## - NOTA LOCAL (RLIN) |
| Nota local |
BATCH-UPD |
| Procedencia (VM) [OBSOLETO] |
10 |
| Condición del los carretes individuales (VM) [OBSOLETO] |
20141002 |
| 590 ## - NOTA LOCAL (RLIN) |
| Nota local |
BATCH |
| Procedencia (VM) [OBSOLETO] |
00 |
| Condición del los carretes individuales (VM) [OBSOLETO] |
20181121 |
| 590 ## - NOTA LOCAL (RLIN) |
| Nota local |
CONVERSION |
| Procedencia (VM) [OBSOLETO] |
10 |
| Condición del los carretes individuales (VM) [OBSOLETO] |
20130109 |
| 901 ## - ELEMENTOS DE DATOS A LOCAL LDA (RLIN) |
| a |
BK |
| 949 ## - PROCESAMIENTO DE INFORMACIÓN LOCAL (OCLC) |
| a |
Tesis |
| b |
BC |
| c |
TES |
| d |
33724002227488 |
| e |
TS1 |
| g |
DonaciØn |
| h |
51887 |
| i |
112079 |
| s |
t |
| 949 ## - PROCESAMIENTO DE INFORMACIÓN LOCAL (OCLC) |
| a |
Tesis |
| b |
BC |
| c |
TES |
| d |
33724002227520 |
| e |
TS2 |
| f |
c.2 |
| g |
DonaciØn |
| h |
51888 |
| i |
112079 |
| s |
t |